000 00813nam a22002175a 4500
003 OSt
005 20170327114125.0
008 161208s2008 ua frb 000 0 ara d
040 _aEG-ScBUE
_bara
_cEG-ScBUE
043 _af-ua---
082 0 4 _a346.6202
_bش ر ف
_222
100 1 _aشرف الدين، أحمد.
245 1 0 _aعقود عمليات البناء وتسوية منازعاتها /
_cأحمد شرف الدين.
260 _aالقاهرة :
_bأحمد شرف الدين :
_bبنك التعمير والإسكان،
_c2008.
300 _a354 ص. ؛
_c24 سم.
504 _aيشتمل على إرجاعات ببليوجرافية.
650 7 _aعقود البناء
_xقوانين وتشريعات
_zمصر.
_2BUEsh
651 _2BUEsh
653 _bLLAAWW
_cDecember2016
_cMarch2017
942 _2ddc
999 _c23532
_d23504